| 000 | 00649nam a2200229 i 4500 | ||
|---|---|---|---|
| 001 | 8899 | ||
| 003 | ES-MaACL | ||
| 005 | 20230906145547.0 | ||
| 007 | t| | ||
| 008 | 921111s1991 sp ||||1| spa d | ||
| 020 | _a84-86639-31-X | ||
| 080 | _a523.8 | ||
| 100 | 1 |
_aRuiz Morales, Jorge. _9100879 |
|
| 245 | 1 | 0 |
_aEn el confín del universo _b: cuásares / _cJorge Ruíz Morales. |
| 260 |
_aMadrid : _bEquipo Sirius, _cD.L. 1991. |
||
| 300 |
_a64 p. : _bil. ; _c18 cm. |
||
| 490 | 1 |
_aAstronomía ; _v3 |
|
| 650 | 1 | 4 |
_aCuásares. _911467 |
| 830 | 0 |
_aAstronomía ; _v3 _9178317 |
|
| 852 |
_aES-MaACL _jL-16291 _bR.120576 |
||
| 999 |
_c8899 _d8899 |
||